| 000 -NÁVESTIE |
| fixed length control field |
00319nam a2200121 a 4500 |
| 008 - ÚDAJE S PEVNOU DĹŽKOU – VŠEOBECNÉ INFORMÁCIE |
| fixed length control field |
101022s1959|||| d |
| 044 ## - KÓD KRAJINY VYDAVATEĽA/PRODUCENTA |
| Kód krajiny MARC |
xo |
| Kód krajiny ISO |
SK |
| 041 ## - KÓD JAZYKA |
| Kód jazyka textu/zvukovej stopy alebo samostatných nápisov |
slo |
| 020 ## - MEDZINÁRODNÉ ŠTANDARDNÉ ČÍSLO KNIHY (ISBN) |
| Údaje o dostupnosti |
17,30 |
| 100 1# - OSOBNÉ MENÁ – VŠEOBECNÉ INFORMÁCIE |
| Osobné meno |
Lermontov, M.J. |
| 245 10 - NÁZOV |
| Názov |
Kňažná Ligovská, hrdina našich čias, maškarný ples |
| 260 ## - VYDAVATEĽSKÉ ÚDAJE, DISTRIBÚCIA ATĎ. |
| Názov vydavateľa, distibútora atď. |
SVKL |
| Miesto publikovania, distribúcie atď. |
Bratislava |
| Dátum publikovania, distribúcie atď. |
1959 |